书目信息 |
| 题名: |
坦桑尼亚史
|
|
| 作者: | 基曼博 , 特穆 主编 ;钟丘 译 | |
| 分册: | ||
| 出版信息: | 北京 商务印书馆 1976 |
|
| 页数: | 392页 | |
| 开本: | 19cm | |
| 丛书名: | ||
| 单 册: | ||
| 中图分类: | K425.0 , K425 | |
| 科图分类: | ||
| 主题词: | 历史--坦桑尼亚 , 东非--历史 | |
| 电子资源: | ||
| ISBN: | ||
| 000 | 00773nam0 2200289 45 | |
| 001 | 0176001475 | |
| 005 | 20040512101153.2 | |
| 010 | @dCNY0.98 | |
| 100 | @a19951017d1976 em y0chiy0121 ea | |
| 101 | 1 | @achi |
| 102 | @aCN@b110000 | |
| 105 | @ay z 000yy | |
| 106 | @ar | |
| 200 | 10 | @a坦桑尼亚史@Atan sang ni ya shi@f(坦桑尼亚)N.基曼博,J.特穆主编@g钟丘译 |
| 210 | @a北京@c商务印书馆@d1976 | |
| 215 | @a392页@d19cm | |
| 606 | @a历史@y坦桑尼亚 | |
| 606 | 0 | @a东非@x历史 |
| 607 | @a坦桑尼亚@x历史 | |
| 690 | @aK425.0@v3 | |
| 690 | @aK425 | |
| 701 | 1 | @a基曼博@Aji man bo@bN.@4主编 |
| 701 | 1 | @a特穆@Ate mu@bJ.@4主编 |
| 702 | 0 | @a钟丘@Azhong qiu@4译 |
| 801 | 0 | @aCN@b广东省中山图书馆@c20040512 |
| 801 | 2 | @aCN@bNLC@c20040512 |
| 905 | @f1@b218837@dK425@e3 | |
| 坦桑尼亚史/(坦桑尼亚)N.基曼博,J.特穆主编/钟丘译.-北京:商务印书馆,1976 |
| 392页;19cm |
| ISBN :CNY0.98 |
| ● |
| 相关链接 |
|
|
|
|
正题名:坦桑尼亚史
索取号:K425/3
 
预约/预借
| 序号 | 登录号 | 条形码 | 馆藏地/架位号 | 状态 | 备注 |
| 1 | 0218837 | 001392059 | 第二借阅区/ [索取号:K425/3] | 在馆 | |
| 2 | 0218838 | 001392068 | 第二样本阅览室/ [索取号:K425/3] | 在馆 |